[Event "IECC CL2-2007.13 email"]
[Site "IECC email"]
[Date "2007.09.05"]
[Round "?"]
[White "Blaine, Richard"]
[Black "Stilman, Eduardo"]
[Result "1/2-1/2"]
[WhiteElo "2133"]
[BlackElo "2059"]
[PlyCount "59"]
[EventDate "2007.??.??"]
[EventType "tourn (corr)"]
[EventRounds "4"]
[SourceTitle "Corr 2011"]
[Source "ChessBase"]
[SourceDate "2010.08.31"]
[SourceVersion "1"]
[SourceVersionDate "2010.08.31"]
[SourceQuality "1"]
[WhiteTeam "Italy"]
[BlackTeam "Chile"]
[WhiteTeamCountry "ITA"]
[BlackTeamCountry "CHI"]

1. c4 Nf6 2. Nc3 e6 3. e4 c5 4. e5 Ng8 5. Nf3 Nc6 6. d4 cxd4 7. Nxd4 Nxe5 8. Ndb5 f6 9. Be3 a6 10. Nd6+ Bxd6 11. Qxd6 Ne7 12. Bb6 Nf5 13. Qb4 Nc6 14. Qc5 Qe7 15. Qxe7+ Nfxe7 16. c5 Nb4 17. 0-0-0 Nbd5 18. Ba5 Nxc3 19. Bxc3 d5 20. cxd6 Nd5 21. Bc4 Nxc3 22. bxc3 b5 23. Bb3 Kd7 24. Rhe1 Re8 25. c4 Bb7 26. Kb2 Rac8 27. cxb5 axb5 28. g3 e5 29. Bd5 Ba8 30. Re3 1/2-1/2

[Event "IECC CL2-2007.13 email"]
[Site "IECC email"]
[Date "2007.09.05"]
[Round "?"]
[White "Nett, Philipp"]
[Black "Blaine, Richard"]
[Result "1/2-1/2"]
[WhiteElo "2094"]
[BlackElo "2134"]
[PlyCount "39"]
[EventDate "2007.??.??"]
[EventType "tourn (corr)"]
[EventRounds "4"]
[SourceTitle "Corr 2011"]
[Source "ChessBase"]
[SourceDate "2010.08.31"]
[SourceVersion "1"]
[SourceVersionDate "2010.08.31"]
[SourceQuality "1"]
[WhiteTeam "Italy"]
[BlackTeam "Chile"]
[WhiteTeamCountry "ITA"]
[BlackTeamCountry "CHI"]

1. d4 Nf6 2. c4 g6 3. Nc3 d5 4. Nf3 Bg7 5. cxd5 Nxd5 6. e4 Nxc3 7. bxc3 c5 8. Bb5+ Nc6 9. 0-0 cxd4 10. cxd4 0-0 11. Bxc6 bxc6 12. Ba3 Bg4 13. Rc1 Qa5 14. h3 Bxf3 15. Qxf3 Bxd4 16. Rxc6 Rac8 17. Rxc8 Rxc8 18. Bxe7 Qxa2 19. Bf6 Qb2 20. Bxd4 1/2-1/2

[Event "IECC Swiss-491.3"]
[Site "IECC email"]
[Date "2005.11.08"]
[Round "?"]
[White "Blaine, Richard"]
[Black "Krunski, Jan Maria"]
[Result "1-0"]
[WhiteElo "2079"]
[BlackElo "1781"]
[PlyCount "55"]
[EventDate "2005.??.??"]
[EventType "swiss (corr)"]
[EventRounds "1"]
[SourceTitle "Corr 2020"]
[Source "ChessBase"]
[SourceDate "2019.09.30"]
[SourceVersion "1"]
[SourceVersionDate "2019.09.30"]
[SourceQuality "1"]
[WhiteTeam "Canada"]
[BlackTeam "Poland"]
[WhiteTeamCountry "CAN"]
[BlackTeamCountry "POL"]

1. c4 e5 2. Nc3 Nc6 3. Nf3 Nf6 4. g3 d5 5. cxd5 Nxd5 6. Bg2 Nxc3 7. bxc3 e4 8. Nd4 Nxd4 9. cxd4 Qxd4 10. Rb1 c6 11. Qc2 f5 12. 0-0 Qc5 13. Qb2 Qc4 14. d3 exd3 15. exd3 Qxd3 16. Re1+ Kf7 17. Bf4 Bc5 18. Rbd1 Qa3 19. Qc2 h6 20. Re5 Be7 21. Bc1 Qb4 22. a3 Qb6 23. Qa2+ Kf8 24. Qe2 Qc7 25. Re1 Be6 26. Rxe6 Bf6 27. Bh3 Qf7 28. Bxf5 1-0

[Event "IECC KO-4018"]
[Site "IECC email"]
[Date "2005.06.23"]
[Round "?"]
[White "Tew, Paul"]
[Black "Blaine, Richard"]
[Result "1-0"]
[WhiteElo "2110"]
[BlackElo "2094"]
[PlyCount "109"]
[EventDate "2004.??.??"]
[EventType "match (corr)"]
[EventRounds "2"]
[SourceTitle "Corr 2008"]
[Source "ChessBase"]
[SourceDate "2008.06.24"]
[SourceVersion "1"]
[SourceVersionDate "2008.06.24"]
[SourceQuality "1"]

1. d4 Nf6 2. f3 d5 3. e4 e6 4. Nc3 c5 5. Bg5 Be7 6. dxc5 0-0 7. exd5 Nxd5 8. Bxe7 Qxe7 9. Qd2 Qxc5 10. Nxd5 exd5 11. 0-0-0 Be6 12. Bd3 d4 13. Kb1 Nc6 14. Be4 Rfd8 15. Ne2 Rac8 16. Bxc6 Qxc6 17. Nxd4 Qa6 18. a3 Qc4 19. b3 Qa6 20. Qb4 Bd7 21. Rhe1 h6 22. Re5 Qf6 23. Rd5 b6 24. Rd6 Qg5 25. Qd2 Qc5 26. Ne2 Rc7 27. Nc3 Qe5 28. Qd4 Qxd4 29. R1xd4 Kf8 30. Nb5 Rb7 31. Kb2 Ke7 32. R6d5 Ra8 33. Re5+ Kf8 34. Nd6 Rc7 35. a4 Be6 36. f4 g6 37. a5 Rd7 38. axb6 axb6 39. Nb5 Rad8 40. c3 Bd5 41. Rd2 f6 42. Ree2 Kf7 43. Ka3 f5 44. Kb4 Be4 45. Rxd7+ Rxd7 46. Na3 Ke7 47. Nc4 Kd8 48. Ne5 Rg7 49. Ra2 g5 50. Rd2+ Kc7 51. g3 Bb7 52. Kb5 Bc8 53. c4 Rg8 54. c5 bxc5 55. Kxc5 1-0

[Event "IECC CL2-2005.01 email"]
[Site "IECC email"]
[Date "2005.01.22"]
[Round "?"]
[White "Blaine, Richard"]
[Black "Grego, Luis Jose Gonzaga"]
[Result "1-0"]
[WhiteElo "2030"]
[BlackElo "1994"]
[PlyCount "67"]
[EventDate "2005.??.??"]
[EventType "tourn (corr)"]
[EventRounds "4"]
[SourceTitle "Corr 2015"]
[Source "ChessBase"]
[SourceDate "2015.07.17"]
[SourceVersion "1"]
[SourceVersionDate "2015.07.17"]
[SourceQuality "1"]

1. c4 Nf6 2. Nc3 g6 3. g3 Bg7 4. Bg2 0-0 5. Nf3 d6 6. d4 Nc6 7. 0-0 e5 8. d5 Ne7 9. e4 Nd7 10. b4 f5 11. Ng5 Nf6 12. Be3 fxe4 13. Ncxe4 Nf5 14. Nxf6+ Qxf6 15. Ne4 Qe7 16. Bg5 Qd7 17. Bd2 Qe7 18. Bc3 Nd4 19. f4 Bf5 20. Qd2 Rae8 21. Rae1 Qd7 22. b5 Bxe4 23. Rxe4 Nf5 24. Bh3 Bh6 25. Rfe1 Ra8 26. Qb2 exf4 27. Re7 Qd8 28. Bf6 Qc8 29. gxf4 Rf7 30. Rxf7 Kxf7 31. Re6 Qf8 32. Bxf5 gxf5 33. Re7+ Kg6 34. h4 1-0

[Event "IECC KO-4018"]
[Site "IECC email"]
[Date "2004.12.04"]
[Round "?"]
[White "Blaine, Richard"]
[Black "Kleinsorgen, Horst"]
[Result "0-1"]
[WhiteElo "2079"]
[BlackElo "2156"]
[PlyCount "98"]
[EventDate "2004.??.??"]
[EventType "match (corr)"]
[EventRounds "2"]
[SourceTitle "Corr 2020"]
[Source "ChessBase"]
[SourceDate "2019.09.30"]
[SourceVersion "1"]
[SourceVersionDate "2019.09.30"]
[SourceQuality "1"]
[WhiteTeam "Canada"]
[BlackTeam "Germany"]
[WhiteTeamCountry "CAN"]
[BlackTeamCountry "GER"]

1. c4 b6 2. d4 e6 3. a3 Nf6 4. Nc3 Bb7 5. d5 Bd6 6. Nf3 0-0 7. g3 exd5 8. cxd5 Na6 9. Bg2 Nc5 10. 0-0 Re8 11. b3 a5 12. Bb2 Nce4 13. Nxe4 Nxe4 14. Qd3 Bc5 15. Nd4 Nf6 16. Nb5 Ba6 17. b4 Bd6 18. bxa5 Bxb5 19. Qxb5 Rxa5 20. Qd3 Qe7 21. Qf5 Ne4 22. Rad1 g6 23. Qh3 f5 24. Rd3 Be5 25. Bc1 Qd6 26. Rfd1 Ra4 27. Qh6 Rea8 28. Bxe4 fxe4 29. R3d2 Qc5 30. Qg5 Bg7 31. Rf1 Rf8 32. Rdd1 Qc4 33. Bf4 Qxe2 34. Qe7 Qg4 35. Bxc7 b5 36. Rb1 Bf6 37. Qc5 Rc4 38. Qd6 e3 39. fxe3 Qe4 40. Rb2 Rxc7 41. Rbf2 Rc2 42. Rxc2 Qxc2 43. Qxd7 Qd3 44. Rf3 Rf7 45. Qe6 Qxa3 46. Qe8+ Kg7 47. Qxb5 Qc1+ 48. Qf1 Qc5 49. Qd3 Rd7 0-1

[Event "IECC KO-4018"]
[Site "IECC email"]
[Date "2004.12.04"]
[Round "?"]
[White "Kleinsorgen, Horst"]
[Black "Blaine, Richard"]
[Result "0-1"]
[WhiteElo "2172"]
[BlackElo "2058"]
[PlyCount "90"]
[EventDate "2004.??.??"]
[EventType "match (corr)"]
[EventRounds "2"]
[SourceTitle "Corr 2020"]
[Source "ChessBase"]
[SourceDate "2019.09.30"]
[SourceVersion "1"]
[SourceVersionDate "2019.09.30"]
[SourceQuality "1"]
[WhiteTeam "Germany"]
[BlackTeam "Canada"]
[WhiteTeamCountry "GER"]
[BlackTeamCountry "CAN"]

1. e4 c5 2. Nf3 d6 3. Bb5+ Bd7 4. Bxd7+ Qxd7 5. 0-0 Nf6 6. e5 Nd5 7. d4 cxd4 8. Qxd4 e6 9. c4 Nc6 10. Qe4 Nc7 11. Rd1 d5 12. Qf4 Rd8 13. Nc3 Qe7 14. Nb5 Nxb5 15. cxb5 Na5 16. b3 Qb4 17. Nd4 Bc5 18. Be3 Bxd4 19. Rxd4 Qxb5 20. Qg5 Rg8 21. Qh5 h6 22. Rf4 Rd7 23. Qd1 Nc6 24. Bd4 Nxd4 25. Rxd4 Rc7 26. h3 Ke7 27. Qg4 Rc2 28. Re1 Qa5 29. Rdd1 Rxa2 30. Qh4+ Ke8 31. Rc1 Rc2 32. b4 Qc7 33. Rxc2 Qxc2 34. Qd4 Ke7 35. Qxa7 Qc7 36. b5 Rc8 37. b6 Qc6 38. Qa3+ Ke8 39. Rb1 Qc2 40. Rf1 Qc3 41. Qa7 Qc6 42. Ra1 d4 43. Qa5 d3 44. Rd1 Rd8 45. Qb4 d2 0-1

[Event "IECC CL2-2004.35 email"]
[Site "IECC email"]
[Date "2004.11.26"]
[Round "?"]
[White "Blaine, Richard"]
[Black "Holanda, Dogeval Ferreira"]
[Result "1/2-1/2"]
[WhiteElo "2025"]
[BlackElo "1917"]
[PlyCount "43"]
[EventDate "2004.??.??"]
[EventType "tourn (corr)"]
[EventRounds "4"]
[SourceTitle "Corr 2008"]
[Source "ChessBase"]
[SourceDate "2008.06.24"]
[SourceVersion "1"]
[SourceVersionDate "2008.06.24"]
[SourceQuality "1"]

1. c4 e5 2. Nc3 Nf6 3. Nf3 Nc6 4. d4 exd4 5. Nxd4 Bb4 6. g3 0-0 7. Bg2 Re8 8. 0-0 Bxc3 9. bxc3 Qe7 10. Nf5 Qe5 11. Nd4 a6 12. Bf4 Qc5 13. Nxc6 dxc6 14. Re1 Qxc4 15. Qd4 Qxd4 16. cxd4 Nd5 17. Bxd5 cxd5 18. Bxc7 Bf5 19. Rac1 Rac8 20. e3 b5 21. Rc5 Bd3 22. a3 1/2-1/2

[Event "IECC CL2-2004.35 email"]
[Site "IECC email"]
[Date "2004.11.26"]
[Round "?"]
[White "Ducci, Roberto"]
[Black "Blaine, Richard"]
[Result "1-0"]
[WhiteElo "1845"]
[BlackElo "2066"]
[PlyCount "115"]
[EventDate "2004.??.??"]
[EventType "tourn (corr)"]
[EventRounds "4"]
[SourceTitle "Corr 2008"]
[Source "ChessBase"]
[SourceDate "2008.06.24"]
[SourceVersion "1"]
[SourceVersionDate "2008.06.24"]
[SourceQuality "1"]

1. e4 c5 2. Nc3 Nc6 3. f4 g6 4. Nf3 Bg7 5. Bc4 e6 6. f5 Nge7 7. fxe6 dxe6 8. d3 0-0 9. 0-0 Nd4 10. Nxd4 cxd4 11. Ne2 Nc6 12. Qe1 Bd7 13. Bd2 Kh8 14. a4 Rc8 15. Qg3 Qc7 16. Qh4 Qd8 17. Qxd8 Rfxd8 18. h3 f5 19. Bb3 e5 20. exf5 gxf5 21. Ng3 Rf8 22. Rf3 Rc7 23. Raf1 f4 24. Ne4 h5 25. Kh2 b6 26. R3f2 h4 27. Re2 Bf5 28. Nd6 Bg6 29. Nb5 Rd7 30. Be6 Rdd8 31. Bg4 Bf6 32. Bf3 Rc8 33. Ra1 Rg8 34. a5 bxa5 35. Bxa5 Nxa5 36. Rxa5 Rb8 37. Nd6 Rg7 38. Nc4 Re7 39. Kg1 Kg7 40. b3 Rc8 41. Kf2 Rce8 42. Ke1 Kh6 43. Kd2 Kg7 44. Re1 Rd8 45. Rea1 Rdd7 46. Ra6 Bf7 47. Nd6 Re6 48. Nf5+ Kf8 49. Rxa7 Rxa7 50. Rxa7 Bg6 51. Ra8+ Kf7 52. Nh6+ Kg7 53. Ng4 Bf5 54. Nxf6 Rxf6 55. Re8 Re6 56. Rxe6 Bxe6 57. c4 dxc3+ 58. Kxc3 1-0

[Event "IECC CL2-2004.30 email"]
[Site "IECC email"]
[Date "2004.10.01"]
[Round "?"]
[White "Blaine, Richard"]
[Black "Sakic, Radislav"]
[Result "0-1"]
[WhiteElo "2001"]
[BlackElo "2188"]
[PlyCount "86"]
[EventDate "2004.??.??"]
[EventType "tourn (corr)"]
[EventRounds "4"]
[SourceTitle "Corr 2008"]
[Source "ChessBase"]
[SourceDate "2008.06.24"]
[SourceVersion "1"]
[SourceVersionDate "2008.06.24"]
[SourceQuality "1"]

1. c4 e5 2. Nc3 Nf6 3. Nf3 Nc6 4. a3 g6 5. g3 Bg7 6. Bg2 0-0 7. 0-0 d5 8. cxd5 Nxd5 9. Nxe5 Nxc3 10. Nxc6 Nxe2+ 11. Qxe2 bxc6 12. Bxc6 Rb8 13. d3 Be6 14. Qf3 Rb3 15. Rd1 h5 16. Qe3 Bd4 17. Qe4 Qf6 18. Be3 Bxb2 19. Rab1 Rd8 20. h4 Bf5 21. Bg5 Qg7 22. Qa4 Rdxd3 23. Qxa7 Bd4 24. Qa8+ Kh7 25. Rxb3 Rxd1+ 26. Kg2 Bxf2 27. Bf3 Ra1 28. Kxf2 Qd4+ 29. Re3 Ra2+ 30. Be2 Bg4 31. Qa6 Rxe2+ 32. Qxe2 Bxe2 33. Kxe2 f6 34. Bf4 g5 35. hxg5 fxg5 36. Be5 Qc4+ 37. Kf3 Kg6 38. Re2 Kf5 39. Kf2 Qxe2+ 40. Kxe2 Kxe5 41. a4 Kd5 42. a5 c5 43. a6 Kc6 0-1